000 00259nam a22001217a 4500
008 170508b xxu||||| |||| 00| 0 eng d
041 _aeng
080 _a343.9
100 _a14
101 _ashj
245 _acrime organized
_cABDINSKY.H
942 _2udc
_cBK
999 _c12889
_d12889